000 00629nam a2200193Ia 4500
008 090123s9999 xx 000 0 und d
082 _b42098
100 _aजोषी दिनकर
245 _aमहाभरतातील मातृवंदना
250 _a1
260 _c2007
300 _a94
600 _aजोषी दिनकर
630 _aमहाभरतातील मातृवंदना
700 _aशाळिग्राम सुषमा
700 _aजोषी दिनकर
730 _aमहाभरतातील मातृवंदना
942 _cBOOK
999 _c80191
_d80191